000
00241nam a22001097a 4500
082
_a
621.39732 MET'P
100
_a
POPE, J. A
_9
78079
245
_a
METAL FATIGUE
260
_a
LONDON
_b
CHAPMAN& HALL
_c
1959
300
_a
381P
_b
21
942
_c
BK
999
_c
583234
_d
583234